<?xml version="1.0" encoding="UTF-8"?>
<record
    xmlns:xsi="http://www.w3.org/2001/XMLSchema-instance"
    xsi:schemaLocation="http://www.loc.gov/MARC21/slim http://www.loc.gov/standards/marcxml/schema/MARC21slim.xsd"
    xmlns="http://www.loc.gov/MARC21/slim">

  <leader>00717cam a2200217   4500</leader>
  <controlfield tag="001">sa 68001553 </controlfield>
  <controlfield tag="003">DLC</controlfield>
  <controlfield tag="005">20260227112434.0</controlfield>
  <controlfield tag="008">840627m19629999xx            00010 engr </controlfield>
  <datafield tag="010" ind1=" " ind2=" ">
    <subfield code="a">sa 68001553 </subfield>
  </datafield>
  <datafield tag="040" ind1=" " ind2=" ">
    <subfield code="a">DLC</subfield>
    <subfield code="c">DLC</subfield>
    <subfield code="d">DLC</subfield>
  </datafield>
  <datafield tag="041" ind1="0" ind2=" ">
    <subfield code="a">engdolhin</subfield>
  </datafield>
  <datafield tag="050" ind1="0" ind2="0">
    <subfield code="a">PN6519.D6</subfield>
    <subfield code="b">T3</subfield>
  </datafield>
  <datafield tag="100" ind1="0" ind2="0">
    <subfield code="a">T&#x101;r&#x101; Smailapur&#x12B;.</subfield>
  </datafield>
  <datafield tag="245" ind1="1" ind2="0">
    <subfield code="a">&#x1E0C;ogar&#x12B; kah&#x101;vata kosha.</subfield>
    <subfield code="p">sa&#x1E45;kalanakartt&#x101; T&#x101;r&#x101; Smailapuri.</subfield>
  </datafield>
  <datafield tag="250" ind1=" " ind2=" ">
    <subfield code="a">[1. sa&#x1E43;skara&#x1E47;a]</subfield>
  </datafield>
  <datafield tag="260" ind1="0" ind2=" ">
    <subfield code="a">&#x15A;r&#x12B;nagara,</subfield>
    <subfield code="b">Jamm&#x16B; &#x113;&#x1E47;&#x1E0D;a Ka&#x15B;m&#x12B;ra Ak&#x101;dam&#x12B; &#xD4;fa Artasa,</subfield>
    <subfield code="b">Kalcara e&#x1E47;&#x1E0D;a Laingvejeza,</subfield>
    <subfield code="c">[1962]-&lt;1978   &gt;</subfield>
  </datafield>
  <datafield tag="300" ind1=" " ind2=" ">
    <subfield code="a">&lt;1-2   &gt; ;</subfield>
    <subfield code="c">23 cm.</subfield>
  </datafield>
  <datafield tag="500" ind1=" " ind2=" ">
    <subfield code="a">In Dogri; introductory matter and explanations in Hindi.</subfield>
  </datafield>
  <datafield tag="650" ind1=" " ind2="0">
    <subfield code="a">Proverbs, Dogri.</subfield>
  </datafield>
  <datafield tag="999" ind1=" " ind2=" ">
    <subfield code="c">78036</subfield>
    <subfield code="d">78036</subfield>
  </datafield>
</record>
